| 000 | 00799nam a2200193 a 4500 | ||
|---|---|---|---|
| 005 | 20210219151253.0 | ||
| 008 | 991125n1996 mx 000 0 spa u | ||
| 035 | _aUPN01000030793 | ||
| 049 | _aCG | ||
| 050 | 4 |
_aTD196 A25 _bM6.5 |
|
| 245 | 0 | 0 |
_aInforme anual 1994. Programa precipitaciones ácidas en la zona metropolitana de la Ciudad de México / _cDirección General de Prevención y Control de la Contaminación, Dirección de la Red Automática de Monitoreo Atmosférico |
| 260 |
_aMéxico : _bDDF, _c1996 |
||
| 300 | _a87 p. | ||
| 650 | 4 |
_aLLUVIA ACIDA- _ASPECTOS AMBIENTALES |
|
| 650 | 4 |
_aLLUVIA ACIDA- _zMEXICO (CIUDAD) |
|
| 710 | 2 |
_aMéxico. _bDepartamento del Distrito Federal. _bDirección General de Prevención y Control de la Contaminación |
|
| 904 |
_aAC _b030794 |
||
| 905 | _aLibro | ||
| 999 |
_c30793 _d30793 |
||